000 01696cam a22004574i 4500
003 PE-LiUPU
005 20250731173452.0
008 150616s1993 xxk r 000 0 eng d
020 _a0521359538
035 _a(Sirsi) i9780521359535
040 _aPE-LiUPU
_bspa
_cPE-LiUPU
_erda
049 _aPRUA
082 0 4 _a227.406
_bD97
_221
100 1 _aDunn, James D. G.,
_d1939-,
_eautor.
245 1 4 _aThe Theology of Paul's Letter to the Galatians /
_cJames D. G. Dunn.
264 1 _aCambridge CB. :
_bCabridge University Press,
_c1993.
300 _a161 páginas ;
_c21 centímetros
336 _atext
_2rdacontent
337 _aunmediated
_2rdamedia
338 _avolume
_2rdacarrier
505 0 _aThe make or break issues -- The fundamental agreements -- The heritage of Abraham -- How should the heirs of Abraham live? -- Lesser issues -- The influence of Galatians in Christian thought.
526 _aSEG42
526 _aSEG41
526 _aSEG40
526 _aSEG39
526 _aP94
526 _aP87
526 _aP86
526 _aP85
526 _aP77
526 _aP76
526 _aP35
630 _aBiblia.
_pN.T.
_PG álatas
_xTeología.
910 _ajck
_bjvq
_cjck
942 _2ddc
_cBOOK
949 _a227.406 D97
_wDEWEY
_c1
_i39856
_lCCODEBUL1
_mBUL
_r0
_sY
_tBOOK
_u2015-6-16
_xTEOLOGIA
_zUNKNOWN
_0COMPRA
_o.STAFF. Colección General
994 _aC0
_bPEPRU
596 _a1
999 _a227.406 D97
_wDEWEY
_c57630
_i39856
_d57630
_e2017-6-13
_f2021-11-9
_g5
_lCCODEBUL1
_mBUL
_n4
_p35.00
_q5
_r0
_sY
_tBOOK
_u2015-6-16
_xTEOLOGIA
_zUNKNOWN
_0COMPRA
_o.STAFF. Colección Teología
980 _81
_gALBERTO SANCHEZ Responsable de Automatización